Formovanie subjektu socialistickej výstavby a ateistická výchova

Bibliographic Details
Main Author: Čelko, Jaroslav, 1923-2017 (Author)
Format: Article
Language:Slovak
Subjects:

MARC

LEADER 00000nab a2200000 a 4500
001 vtls000294578
003 SK-MaSNL
005 20260304062020.0
008 250422c1987 xo 0 slo
015 |a SNBRB19rr/mm-uuuuu 
035 |a CL0304697 
035 |a urn:nbn:sk:snk-ab2jyh 
035 |a (urnnbn)urn:nbn:sk:snk:ar-a02iz6 
035 |a (uuid)04d25f19-d403-4982-9f45-4083636a3a4f 
040 |a SNKBUCL  |b slo  |c SNKBUCL  |e AACR2 
041 0 |a slo 
044 |a xo  |c SK 
080 |a 211.5:37  |2 1981 
080 |a 37  |2 1981 
080 |a 1 100.572  |2 1981 
100 1 |a Čelko, Jaroslav,  |d 1923-2017  |4 aut  |9 170185 
245 1 0 |a Formovanie subjektu socialistickej výstavby a ateistická výchova  |c Jaroslav Čelko 
300 |b Lit. 8 zázn. v slov. 
650 0 7 |a výchova ateistická  |2 snkbucl  |9 924343 
650 0 7 |a osobnosť (filozofia)  |2 snkbucl  |9 250565 
655 7 |a články z novín a časopisov  |2 snkbucl  |9 267496 
773 0 |t Ateizmus  |g Roč. 15, č. 3 (1987), s. 234-239 
850 |a Slovenská národná knižnica 
852 |a Slovenská národná knižnica 
954 |a odborná, vedecká literatúra pôvodná (slovenská)  |2 lita 
958 |a article2022 
958 |a NB 
958 |a RK 
958 |a OND 
958 |a EUIPO 
992 |a RBX 
999 |c 2736113  |d 2738043